| 000 | 00436 a2200109 4500 | ||
|---|---|---|---|
| 001 | ART_8034 | ||
| 005 | 20260410161831.0 | ||
| 008 | 260409a | ||
| 245 | 1 | 0 | _aLa decisión de integración vertical en la estrategia de innovación dirigida a demandas embrionarias |
| 100 | 1 | _aAláez Martinez, María Angeles | |
| 773 | 0 |
_tBoletín de estudios económicos _gEstrategia y empresa - Vol. 55, Nº 169 (abr. 2000) _wREV5142 |
|
| 999 |
_c23237 _d23237 |
||